00721 2200181 4500001002100000005001500021035002000036245005400056100001000110250001000120300003400130260004100164082000800205084001400213020002200227650001400249520027600263INLIS00000000000015120210226092242 a0010-02210001241 aCara Smart Bertanam APEL di Lahan Sempit /cEriko0 aEriko acet.1 a104hal. :bilus. ;c14x20.5cm aJawa Barat :bAkar Publishing,c2018 a634 a634 ERI c a978-602-6348-08-1 4aPertanian aBuah Apel juga memiliki turunan vitamin B komplek, sepertitiamin, riboflavin, dan piridoksin. Dan hal tersebut bisa memperkaya khasiat buah apel itu sendiri. Tidak hanya itu saja, buah apel ternyata juga banyak memberi manfaat bagi manusia untuk menjaga kestabilan tubuh.